Los murmullos y silencios de la calle. Los socialistas chilenos y Michelle Bachelet.
Furkejuvvon:
| Váldodahkki: | |
|---|---|
| Materiálatiipa: | Girji |
| Almmustuhtton: |
Provincia de Buenos Aires, Argentina:
UNSAM Edita,
2008.
|
| Preanttus: | 1ª edición. |
| Ráidu: | Ciencias Sociales
|
| Fáttát: | |
| Fáddágilkorat: |
Lasit fáddágilkoriid
Eai fáddágilkorat, Lasit vuosttaš fáddágilkora!
|
MARC
| LEADER | 00000nam a22000007a 4500 | ||
|---|---|---|---|
| 003 | CL-VaPUC | ||
| 005 | 20221201172155.0 | ||
| 008 | 221114t2008 ||||| |||| 00| 0 eng d | ||
| 999 | |c 439382 |d 439380 | ||
| 020 | |a 978-987-22523-8-0 | ||
| 040 | |c Pontificia Universidad Católica de Valparaíso | ||
| 082 | |2 22 |a 320.531 ROJ 2008 | ||
| 100 | 1 | |a Rojas, Eduardo |e autor |9 878436 | |
| 245 | |a Los murmullos y silencios de la calle. |b Los socialistas chilenos y Michelle Bachelet. | ||
| 250 | |a 1ª edición. | ||
| 260 | |a Provincia de Buenos Aires, Argentina: |b UNSAM Edita, |c 2008. | ||
| 300 | |a 403 páginas. | ||
| 490 | |a Ciencias Sociales | ||
| 583 | |c 20221114 |k Catalogador Asistente | ||
| 600 | 0 | |9 521059 |a Bachelet Jeria, Michelle |v Crítica e interpretación |x Política y gobierno |z Chile | |
| 650 | 0 | |9 371683 |a Partido socialista |z Chile | |
| 650 | 0 | |9 255260 |a Socialismo |z Chile | |
| 942 | |2 ddc |c BK | ||
| 952 | |0 0 |1 0 |2 ddc |4 0 |6 320_531000000000000_ROJ_2008 |7 0 |8 A |9 587692 |a BIBHIS |b BIBHIS |c GEN |d 2022-11-14 |e Donación |i 5655529 |o 320.531 ROJ 2008 |p 5655529 |r 2025-01-20 |t 1 |w 2022-11-14 |y BK |k HIS | ||